书目信息 |
| 书名: | Method in translation history = | |
| 作者: | Anthony Pym著. | |
| 分册号: | ||
| 分册名: | 出版地: | Beijing : |
|
| 出版社: | Foreign Language Teaching and Research Press | |
| 出版时间: | 2007. | |
| 页数: | xxviii, 220 p. : | |
| 开本: | 23 cm. | |
| 丛书名: | 外研社翻译研究文库 | |
| 中图分类号: | ||
| 科图分类号: | ||
| 其他分类号: | H059 | |
| 主题词: | ||
| 电子资源: | ||
| 000 | 01249nam a2200421 a 4500 | |
| 001 | E0735627246 | |
| 003 | CAL | |
| 005 | 20070818095538.37 | |
| 008 | 070321r20071998cc a b 001 0 eng d | |
| 020 | @a9787560061887 :@cCNY24.90. | |
| 040 | @aFDU@cFDU | |
| 041 | 0 | @aeng@bchi |
| 050 | 00 | @aP306.2 |
| 090 | @aH059 | |
| 093 | @aH059@24 | |
| 099 | @dH059@ex22 | |
| 100 | 1 | @aPym, Anthony,@d1956- |
| 245 | 10 | @aMethod in translation history = :@b翻译史研究方法 / @cAnthony Pym著. |
| 246 | 31 | @a翻译史研究方法 |
| 260 | @aBeijing :@bForeign Language Teaching and Research Press,@c2007. | |
| 300 | @axxviii, 220 p. :@bill. ;@c23 cm. | |
| 440 | 0 | @a外研社翻译研究文库 |
| 504 | @aIncludes bibliographical references (p. 203-214) and index. | |
| 534 | @pReprint. Originally published:@cManchester, UK : St. Jerome, c1998.@z1900650126 (pbk.) | |
| 650 | 0 | @aTranslating and interpreting@xHistory. |
| 650 | 0 | @aTranslating and interpreting@xResearch. |
| 920 | @a211070@z2 | |
| 920 | @a231010@z2 | |
| 920 | @a233020@z2 | |
| 920 | @a211030@z2 | |
| 920 | @a212010@z1 | |
| 920 | @a244290@z1 | |
| 920 | @a244180@z2 | |
| 920 | @a211410@z1 | |
| 920 | @a242170@z2 | |
| 920 | @a211010@z2 | |
| 920 | @a211260@z1 | |
| 998 | @aFDU | |
| Method in translation history = : : 翻译史研究方法 / / Anthony Pym著.-Beijing : : Foreign Language Teaching and Research Press, , 2007. |
| xxviii, 220 p. : : ill. ; ; 23 cm.- (外研社翻译研究文库) |
| Includes bibliographical references (p. 203-214) and index. |
| ISBN 9787560061887 :CNY24.90. |
| ● |
| 相关链接 |
|
|
|
|
正题名:Method in translation history =
索取号:H059/x22
 
预约/预借
| 序号 | 登录号 | 条形码 | 馆藏地/架位号 | 状态 | 备注 |
| 1 | 0016373 | 300163739 | 第二样本阅览室/ [索取号:H059/x22] | 在馆 | |
| 2 | 0016374 | 300163748 | 第四借阅区/ [索取号:H059/x22] | 在馆 | |
| 3 | 0016375 | 300163757 | 第四借阅区/ [索取号:H059/x22] | 在馆 | |
| 4 | 0016376 | 300163766 | 第四借阅区/ [索取号:H059/x22] | 在馆 | |
| 5 | 0016377 | 300163775 | 第四借阅区/ [索取号:H059/x22] | 在馆 | |
| 6 | 0016378 | 300163784 | 第四借阅区/ [索取号:H059/x22] | 在馆 |